00655nam a2200193Ia 4500008004100000020001400041082001800055100002000073245008000093250000700173260003200180300002800212500001900240600002100259650005000280942000700330952010900337999001500446240925s9999 xx 000 0 und d a735700060 a005.30287 SHE aShepker, Mathew 0aMCSE Core NT Exams: essential refrence includes coverage of the TCP/IP exam aNA aBoston:bNew Ridersc,1999. axxi,230p.bNAfOriginal aIncludes Index aComputer Science aComputer science, information & general works cBK 011040708CSaUITUbUITUd2001-04-26eNAl0o005.30287 SHEpQ3605r2024-09-25 07:13:12w2024-09-25yBK c6104d6104